| 000 | 00733nam a2200181 a 4500 | ||
|---|---|---|---|
| 001 | 000036806 | ||
| 005 | 20200930075940.0 | ||
| 008 | 120201s2011 dr a r 000 0 spa d | ||
| 040 |
_aDO-SdBNP _bspa _cBNPHU |
||
| 082 |
_axxxx _bG277e |
||
| 100 | 1 |
_aGautier, Manuel Salvador _914947 |
|
| 245 | 1 | 3 |
_aEl encanto de la arquitectura : _bpapeles sobre restauración de monumentos y otros temas. |
| 260 |
_aSanto Domingo : _bBanco Central, _c2011. |
||
| 300 |
_a450 p. : _bil. ; _c29 cm. |
||
| 490 | 1 |
_aBanco Central de la República Dominicana _v164 _aCiencia Sociales _v24 |
|
| 500 | _aIncluye referencias bibliográficas y notas al pie de las páginas | ||
| 830 | 0 |
_aBanco Central de la República Dominicana _pCiencia Sociales _n24 _v164 _963147 |
|
| 999 |
_c36297 _d36297 |
||